[Event "División de Honor Aragonesa 2019 - Encuentros por tableros Global"]
[Site ""]
[Date "2019.03.23"]
[Round "9.4"]
[White "Torcal Miguel, Oscar"]
[Black "Ramiro Ovejero, Juan Luis"]
[Result "0-1"]
[WhiteElo "2084"]
[BlackElo "2358"]
[PlyCount "0"]
[WhiteTeam "Ibercaja"]
[BlackTeam "Jaime Casas"]
[EventDate "2019.01.26"]

1. e4 c5 2. Nf3 e6 3. d4 cxd4 4. Nxd4 a6 5. Nc3 b5 6. Bd3 Qb6 7. Nb3 Qc7 8. O-O
Nf6 9. Re1 d6 10. a4 b4 11. Ne2 Nc6 12. Ned4 Nxd4 13. Nxd4 Be7 14. Qf3 O-O 15.
Qg3 g6 16. Bd2 Qb6 17. Be3 Qb7 18. f3 Nh5 19. Qf2 e5 20. Ne2 Be6 21. g4 Ng7 22.
Qg3 Kh8 23. Bh6 Rg8 24. Kh1 f5 25. gxf5 gxf5 26. Rg1 Bf6 27. Qf2 fxe4 28. fxe4
Raf8 29. Raf1 Bh3 30. Rd1 Bf5 31. Ng3 Bh4 32. Qe2 Bxg3 33. Rxg3 Bg6 34. Rdg1
Rf6 35. Rxg6 Rxg6 36. Rxg6 hxg6 37. Qg4 Qf7 38. b3 Rf8 39. Bxa6 Qf2 40. Qxg6
Qe1+ 41. Kg2 Rg8 42. Bc4 Ne6 0-1

[Event "División de Honor Aragonesa 2019 - Encuentros por tableros Global"]
[Site ""]
[Date "2019.03.23"]
[Round "9.5"]
[White "Cifuentes Parada, Roberto"]
[Black "Adla, Diego"]
[Result "1-0"]
[WhiteElo "2445"]
[BlackElo "2441"]
[PlyCount "0"]
[WhiteTeam "Jaque"]
[BlackTeam "St. Casablanca"]
[EventDate "2019.01.26"]

1. d4 Nf6 2. Nf3 e6 3. g3 c5 4. Bg2 cxd4 5. O-O d5 6. Nxd4 e5 7. Nf3 Nc6 8. c4
d4 9. e3 Be7 10. exd4 exd4 11. Bf4 Be6 12. Ne5 Rc8 13. Qa4 Qb6 14. Nd2 O-O 15.
Ndf3 Nxe5 16. Nxe5 Rfd8 17. Qb3 Nh5 18. Bxb7 Rc7 19. Bf3 Nxf4 20. gxf4 d3 21.
Rfd1 d2 22. Qxb6 axb6 23. b3 Bb4 24. a3 Bc3 25. Ra2 Bxe5 26. fxe5 Rcd7 27. Be2
g5 28. f3 f5 29. exf6 Kf7 30. Kf2 Bf5 31. a4 Kxf6 32. b4 h5 33. a5 bxa5 34.
bxa5 g4 35. a6 Kg5 36. a7 Ra8 37. fxg4 Bxg4 38. Bxg4 Kxg4 39. Rdxd2 Raxa7 40.
Ke3 Re7+ 41. Kd4 Rad7+ 42. Kc3 Re3+ 43. Kb4 Rb7+ 44. Kc5 Rb8 45. Ra6 Kh3 46.
Kd4 Rf3 47. Rd6 Rc8 48. Rc2 Rf4+ 49. Kd5 Rg4 50. c5 Rg5+ 51. Kd4 Rg4+ 52. Ke3
Re8+ 53. Kd3 h4 54. Rd4 Rg1 55. Kc4 Rh8 56. Rd3+ Kg4 57. c6 Kf5 58. Kc5 Re1 59.
c7 1-0

[Event "División de Honor Aragonesa 2019 - Encuentros por tableros Global"]
[Site ""]
[Date "2019.03.23"]
[Round "9.6"]
[White "Glavina, Pablo"]
[Black "Gonzalez Gambau, Jorge"]
[Result "1-0"]
[WhiteElo "2397"]
[BlackElo "2101"]
[PlyCount "0"]
[WhiteTeam "St. Casablanca"]
[BlackTeam "Jaque"]
[EventDate "2019.01.26"]

1. c4 c6 2. Nf3 d5 3. e3 Nf6 4. Nc3 g6 5. b3 Bg7 6. Bb2 O-O 7. Be2 Nbd7 8. d4
e6 9. O-O b6 10. cxd5 exd5 11. Ne5 Nxe5 12. dxe5 Nd7 13. f4 Nc5 14. b4 Ne6 15.
b5 d4 16. Ne4 c5 17. Nd6 f6 18. exd4 cxd4 19. Bc4 fxe5 20. fxe5 Bd7 21. Qxd4
Kh8 22. Rxf8+ Qxf8 23. Qd5 Nc7 24. Nf7+ 1-0

[Event "División de Honor Aragonesa 2019 - Encuentros por tableros Global"]
[Site ""]
[Date "2019.03.23"]
[Round "9.7"]
[White "Ereza Vizcarra, Fernando"]
[Black "Quintin Navarro, Alberto"]
[Result "0-1"]
[WhiteElo "2059"]
[BlackElo "2391"]
[PlyCount "0"]
[WhiteTeam "Jaque"]
[BlackTeam "St. Casablanca"]
[EventDate "2019.01.26"]

1. Nf3 Nf6 2. d4 e6 3. g3 b6 4. Bg2 Bb7 5. O-O g6 6. c4 Bg7 7. Nc3 Ne4 8. Qd3
Nxc3 9. bxc3 O-O 10. e4 d6 11. Rd1 h6 12. a4 a5 13. Ba3 Re8 14. Qe3 Bc6 15. Bb2
Qd7 16. e5 Bxa4 17. Nd2 Bxd1 18. Rxd1 d5 19. cxd5 exd5 20. c4 c6 21. Qb3 a4 22.
Qxb6 Na6 23. Qa5 Nc7 24. Qc3 Bf8 25. Rc1 Ra6 26. cxd5 Nxd5 27. Qc4 Rb6 28. Ba1
a3 29. Ne4 Reb8 30. Bf1 Rb1 31. Rxb1 Rxb1 32. Qa2 Re1 0-1

[Event "División de Honor Aragonesa 2019 - Encuentros por tableros Global"]
[Site ""]
[Date "2019.03.23"]
[Round "9.8"]
[White "Chueca Lorente, Javier"]
[Black "Escartin Lacasa, Jose"]
[Result "1/2-1/2"]
[WhiteElo "2122"]
[BlackElo "1976"]
[PlyCount "0"]
[WhiteTeam "St. Casablanca"]
[BlackTeam "Jaque"]
[EventDate "2019.01.26"]

1. c4 c6 2. Nc3 d5 3. e3 Nf6 4. Nf3 e6 5. b3 Bd6 6. Bb2 e5 7. cxd5 cxd5 8. Nb5
Nc6 9. Nxd6+ Qxd6 10. Bb5 e4 11. Nd4 Bd7 12. a4 Nxd4 13. Bxd4 O-O 14. Bxf6 gxf6
15. Bxd7 Qxd7 16. f3 f5 17. O-O d4 18. fxe4 fxe4 19. Rf4 f5 20. Qe2 Qd5 21.
Raf1 dxe3 22. Qxe3 Rf7 23. Qg3+ Rg7 24. Qf2 Qxb3 25. Rxf5 Qb4 26. Rf7 Qb6 27.
Rxg7+ Kxg7 28. Re1 Rd8 29. Qxb6 axb6 30. Rxe4 Rxd2 31. Re7+ Kg8 32. Rxb7 Ra2
33. Rxb6 Rxa4 34. Rb7 Ra2 35. h3 Kh8 36. Kh2 Ra3 37. h4 Kg8 38. g3 Rf3 39. Kh3
Rf7 40. Rxf7 Kxf7 41. Kg4 Kf6 42. h5 Kf7 43. Kf5 Kg7 44. g4 Kf7 45. g5 Kg7 46.
Ke6 h6 47. g6 Kg8 48. Kd7 Kg7 49. Ke7 Kg8 1/2-1/2

[Event "División de Honor Aragonesa 2019 - Encuentros por tableros Global"]
[Site ""]
[Date "2019.03.23"]
[Round "9.9"]
[White "Del Rey, Diego"]
[Black "Garza Marco, Sergio"]
[Result "1-0"]
[WhiteElo "2356"]
[BlackElo "2407"]
[PlyCount "0"]
[WhiteTeam "El Olivar"]
[BlackTeam "Helios"]
[EventDate "2019.01.26"]

1. d4 Nf6 2. Nf3 g6 3. g3 c5 4. dxc5 Na6 5. Bg2 Nxc5 6. Be3 Qc7 7. O-O Bg7 8.
Bd4 d6 9. Nc3 Ncd7 10. Nd5 Qd8 11. c4 O-O 12. Qb3 e6 13. Nxf6+ Nxf6 14. Rfd1
Qc7 15. Ng5 e5 16. Bc3 Bg4 17. Qxb7 Qxc4 18. Qb4 Rac8 19. Qxc4 Rxc4 20. Rxd6 h6
21. Nh3 Bxh3 22. Bxh3 Ne4 23. Rd7 Nxc3 24. bxc3 Ra4 25. Rb1 Rxa2 26. Rbb7 Ra6
27. Kg2 e4 28. c4 Rf6 29. Rxa7 Rb8 30. Rab7 Rxb7 31. Rxb7 Bf8 32. Rc7 Bb4 33.
c5 Be1 34. f3 exf3+ 35. exf3 Ra6 36. c6 Kg7 37. Bd7 Ra2+ 38. Kf1 Ra1 39. Ke2
Bb4 40. Rb7 Bd6 41. c7 Bxc7 42. Rxc7 Ra2+ 43. Ke3 Ra3+ 44. Ke4 1-0

[Event "División de Honor Aragonesa 2019 - Encuentros por tableros Global"]
[Site ""]
[Date "2019.03.23"]
[Round "9.10"]
[White "Calvo Simon, Jorge"]
[Black "Villuendas Valero, Adrian"]
[Result "1/2-1/2"]
[WhiteElo "2192"]
[BlackElo "2249"]
[PlyCount "0"]
[WhiteTeam "Helios"]
[BlackTeam "El Olivar"]
[EventDate "2019.01.26"]

1. e4 c5 2. Nf3 d6 3. d4 cxd4 4. Nxd4 Nf6 5. Nc3 a6 6. h3 e6 7. g4 d5 8. exd5
Nxd5 9. Nde2 Nc6 10. Bg2 Nxc3 11. Qxd8+ Nxd8 12. Nxc3 Bd7 13. Be3 Bb4 14. Bd4
f6 15. a3 Bxc3+ 16. Bxc3 Bc6 17. O-O Bxg2 18. Kxg2 Nc6 19. Rad1 Rd8 20. Rxd8+
Kxd8 21. Rd1+ Ke7 22. g5 e5 23. f4 Ke6 24. gxf6 gxf6 25. Kf3 Rg8 26. fxe5 fxe5
27. Re1 Rf8+ 28. Kg3 Rg8+ 29. Kf3 Rf8+ 1/2-1/2

[Event "División de Honor Aragonesa 2019 - Encuentros por tableros Global"]
[Site ""]
[Date "2019.03.23"]
[Round "9.11"]
[White "Hernando Garcia, Antonio"]
[Black "Guzman Moneo, Alberto"]
[Result "0-1"]
[WhiteElo "2139"]
[BlackElo "2170"]
[PlyCount "0"]
[WhiteTeam "El Olivar"]
[BlackTeam "Helios"]
[EventDate "2019.01.26"]


1. c4 g6 2. Nf3 Bg7 3. g3 e5 4. Nc3 Nc6 5. Bg2 d6 6. Rb1 f5 7. d3 Nf6 8. b4 h6
9. b5 Ne7 10. a4 g5 11. Qb3 O-O 12. Nd2 Kh8 13. Nd5 Nd7 14. Nxe7 Qxe7 15. Ba3
Nc5 16. Bxc5 dxc5 17. Rc1 a5 18. Nb1 e4 19. O-O e3 20. f4 gxf4 21. gxf4 Bd4 22.
Kh1 Rg8 23. Bf3 Qd6 24. Na3 Qxf4 25. Bd5 Qh4 26. Rg1 Rxg1+ 27. Rxg1 Be5 28. Rg2
Qe1+ 29. Rg1 Qf2 30. Rg2 Qf1+ 31. Rg1 Qh3 32. Rg2 Bxh2 33. Qd1 Bg3+ 34. Kg1
Bf2+ 35. Rxf2 exf2+ 36. Kxf2 Qh4+ 37. Ke3 Qg5+ 38. Kf3 f4 39. Qa1+ Kh7 40. Be4+
Bf5 41. Bxf5+ Qxf5 42. Qh1 Rg8 43. Qh2 Rg3+ 44. Kf2 Qg4 45. Nc2 Rh3 46. Qg2
Qh4+ 47. Kg1 Rg3 0-1

[Event "División de Honor Aragonesa 2019 - Encuentros por tableros Global"]
[Site ""]
[Date "2019.03.23"]
[Round "9.12"]
[White "Cerrajeria Ruiz, Jesus Maria"]
[Black "Melendez Fierro, Juan Bautista"]
[Result "1-0"]
[WhiteElo "2137"]
[BlackElo "2108"]
[PlyCount "0"]
[WhiteTeam "Helios"]
[BlackTeam "El Olivar"]
[EventDate "2019.01.26"]

1. Nf3 Nf6 2. g3 g6 3. Bg2 Bg7 4. c4 O-O 5. Nc3 d6 6. d3 e5 7. c5 Nc6 8. cxd6
cxd6 9. O-O Re8 10. Bg5 h6 11. Bxf6 Bxf6 12. Qd2 Kh7 13. Nd5 Be6 14. Nxf6+ Qxf6
15. Rfc1 Bd5 16. Ng5+ hxg5 17. Bxd5 Rac8 18. b4 Qe7 19. Rc4 Nd4 20. Rac1 Rxc4
21. Rxc4 g4 22. a4 b6 23. Kg2 Kg7 24. e3 Nf3 25. Qc3 Rh8 26. h4 Nxh4+ 27. gxh4
Qxh4 28. Kf1 Qh3+ 29. Bg2 Qh5 30. Qe1 Qf5 31. Be4 Qe6 32. Rc7 d5 33. Bg2 Qd6
34. Qc3 d4 35. exd4 exd4 36. Qc4 g3 37. Qxf7+ 1-0

[Event "División de Honor Aragonesa 2019 - Encuentros por tableros Global"]
[Site ""]
[Date "2019.03.23"]
[Round "9.13"]
[White "Romero Pallares, Daniel"]
[Black "Lana Rodriguez, David"]
[Result "1-0"]
[WhiteElo "2190"]
[BlackElo "2334"]
[PlyCount "0"]
[WhiteTeam "Palacio de Pioneros A"]
[BlackTeam "Agrupacion"]
[EventDate "2019.01.26"]


1. Nf3 c5 2. e4 e6 3. d4 cxd4 4. Nxd4 Qb6 5. Nb3 Nf6 6. Bd3 d5 7. e5 Nfd7 8.
Be3 Qc7 9. f4 Nc5 10. Nxc5 Bxc5 11. Qe2 Nd7 12. Nd2 O-O 13. Nb3 Bxe3 14. Qxe3
Qb6 15. Qh3 g6 16. Qg3 f5 17. h4 Rf7 18. h5 Rg7 19. hxg6 Rxg6 20. Qf2 Rg4 21.
g3 Qxf2+ 22. Kxf2 Nb8 23. Rh6 Rg6 24. Rah1 Rxh6 25. Rxh6 Kg7 26. Rh5 h6 27. g4
fxg4 28. Rh4 Nc6 29. Rxg4+ Kf7 30. Rg6 Bd7 31. Nc5 Nb4 32. Rxh6 Bc8 33. Rh7+
Kg8 34. Re7 Kf8 35. Rc7 b6 36. Nb3 Ba6 37. Bg6 Bc4 38. Nd4 Bxa2 39. Nxe6+ Kg8
40. Rg7+ Kh8 41. Rh7+ Kg8 42. Ng5 d4 43. b3 d3 44. Bf7+ Kf8 45. cxd3 1-0

[Event "División de Honor Aragonesa 2019 - Encuentros por tableros Global"]
[Site ""]
[Date "2019.03.23"]
[Round "9.15"]
[White "Dan, Teodor"]
[Black "Lacruz Algarate, Alvaro"]
[Result "1/2-1/2"]
[WhiteElo "2064"]
[BlackElo "2144"]
[PlyCount "0"]
[WhiteTeam "Palacio de Pioneros A"]
[BlackTeam "Agrupacion"]
[EventDate "2019.01.26"]

1. d4 Nf6 2. c4 e6 3. Nc3 d5 4. cxd5 exd5 5. Bg5 Be7 6. e3 O-O 7. Bd3 Re8 8.
Qc2 Nbd7 9. Nge2 a6 10. Rb1 c6 11. O-O Nf8 12. b4 Ng6 13. a4 Ne4 14. Bxe7 Qxe7
15. Bxe4 dxe4 16. Ng3 f5 17. b5 axb5 18. axb5 Be6 19. bxc6 bxc6 20. Na4 Qf7 21.
Nb6 Rad8 22. Qxc6 Ne7 23. Qb7 Rb8 24. Qc7 g6 25. Ne2 Nd5 26. Nxd5 Rxb1 27. Rxb1
Bxd5 28. Qc5 Qd7 29. Nc3 Bf7 30. Qb5 Qxb5 31. Rxb5 Ra8 32. h3 Kg7 33. f3 exf3
34. gxf3 Kf6 35. Kf2 Kg5 36. e4 Kh4 37. e5 Kxh3 38. Rb7 Bg8 39. d5 Rc8 40. Ne2
Kh4 41. e6 Re8 42. f4 Kg4 43. Rb1 Bxe6 44. dxe6 Rxe6 45. Rh1 Re7 46. Rg1+ Kh5
47. Rh1+ Kg4 48. Rg1+ Kh5 49. Nd4 Re4 50. Rh1+ Kg4 51. Nf3 g5 52. fxg5 f4 53.
Rxh7 Ra4 54. Re7 Ra3 55. Nd2 1/2-1/2

[Event "División de Honor Aragonesa 2019 - Encuentros por tableros Global"]
[Site ""]
[Date "2019.03.23"]
[Round "9.16"]
[White "Moreno Martin-Viveros, Alvaro"]
[Black "Campana Valencia, Lidia"]
[Result "1-0"]
[WhiteElo "2082"]
[BlackElo "1373"]
[PlyCount "0"]
[WhiteTeam "Agrupacion"]
[BlackTeam "Palacio de Pioneros A"]
[EventDate "2019.01.26"]

1. e4 e5 2. Nf3 Nc6 3. Bb5 a6 4. Bxc6 dxc6 5. O-O Bd6 6. d4 Bg4 7. c3 Nf6 8.
dxe5 Bxf3 9. gxf3 Bxe5 10. Qxd8+ Rxd8 11. f4 Bd6 12. e5 Be7 13. exf6 Bxf6 14.
Re1+ Be7 15. b3 Kd7 16. Nd2 Rhe8 17. f5 Kc8 18. Ne4 Rd5 19. f6 Bf8 20. Nd6+ 1-0

[Event "División de Honor Aragonesa 2019 - Encuentros por tableros Global"]
[Site ""]
[Date "2019.03.23"]
[Round "9.17"]
[White "Baigorri Navarro, Fco. Javier"]
[Black "Sacristan Latorre, Alberto"]
[Result "0-1"]
[WhiteElo "2213"]
[BlackElo "2080"]
[PlyCount "0"]
[WhiteTeam "ONCE C.A. Aragon"]
[BlackTeam "Palacio de Pioneros B"]
[EventDate "2019.01.26"]

1. d4 Nf6 2. c4 Nc6 3. Nf3 e6 4. a3 a5 5. Nc3 d6 6. e4 g6 7. Bd3 Bg7 8. h3 O-O
9. Be3 e5 10. d5 Nb8 11. c5 Nh5 12. cxd6 cxd6 13. Nd2 Na6 14. Nc4 Nc5 15. Nb5
Nf4 16. Bf1 Nxe4 17. g3 Nh5 18. Bg2 Nexg3 19. fxg3 Nxg3 20. Rh2 Qh4 21. Ncxd6
Ne4+ 22. Kf1 Nxd6 0-1

[Event "División de Honor Aragonesa 2019 - Encuentros por tableros Global"]
[Site ""]
[Date "2019.03.23"]
[Round "9.18"]
[White "Colom Sienes, Eduardo"]
[Black "Gavin Roche, Enrique"]
[Result "1/2-1/2"]
[WhiteElo "2047"]
[BlackElo "2220"]
[PlyCount "0"]
[WhiteTeam "Palacio de Pioneros B"]
[BlackTeam "ONCE C.A. Aragon"]
[EventDate "2019.01.26"]

1. e4 e5 2. Bc4 d6 3. Nc3 Nf6 4. d3 Be7 5. f4 c6 6. Bb3 O-O 7. Nf3 Nbd7 8. O-O
b5 9. Qe1 Qc7 10. fxe5 Nxe5 11. Nxe5 dxe5 12. Bg5 Ng4 13. Bxe7 Qxe7 14. Qg3 a5
1/2-1/2

[Event "División de Honor Aragonesa 2019 - Encuentros por tableros Global"]
[Site ""]
[Date "2019.03.23"]
[Round "9.19"]
[White "Laliena Solanes, Luis"]
[Black "Gomez Salinas, Nestor"]
[Result "1/2-1/2"]
[WhiteElo "2177"]
[BlackElo "1999"]
[PlyCount "0"]
[WhiteTeam "ONCE C.A. Aragon"]
[BlackTeam "Palacio de Pioneros B"]
[EventDate "2019.01.26"]

1. d4 d5 2. Nf3 Nf6 3. Bf4 Bf5 4. e3 e6 5. c4 c6 6. Qb3 Qb6 7. c5 Qxb3 8. axb3
Bxb1 9. Rxb1 Nh5 10. b4 Nxf4 11. exf4 b5 12. Ra1 Be7 13. Bd3 O-O 14. Kd2 Bd8
15. Kc3 Bc7 16. f5 exf5 17. Rhe1 g6 18. Re7 a5 19. Kd2 Na6 20. bxa5 Rfe8 21.
Rxe8+ Rxe8 22. Kc3 Kg7 23. b4 Kf6 24. h4 Bf4 25. g3 Bc7 26. Ne1 h5 27. Ng2 Re7
28. Ne3 Re8 29. Nxd5+ cxd5 30. Bxb5 Ra8 31. Bc6 Rb8 32. b5 Nxc5 33. dxc5 Be5+
34. Kb4 Bxa1 35. a6 Be5 36. Bxd5 Bd4 37. a7 Rc8 38. b6 Bxc5+ 39. Kb5 Bxf2 40.
Bc6 Rd8 41. Ka6 Rd1 42. Ba4 Rd8 43. Bd7 Ra8 44. Kb7 Rxa7+ 45. bxa7 Bxa7 46.
Kxa7 g5 47. Kb6 g4 48. Kc5 Ke5 49. Be8 f4 50. gxf4+ Kxf4 51. Bxf7 g3 52. Bd5
Kg4 53. Kd4 Kxh4 54. Bg2 Kg4 55. Ke3 h4 56. Ke2 h3 57. Kf1 Kh4 58. Bc6 Kg4 59.
Kg1 h2+ 60. Kh1 1/2-1/2

[Event "División de Honor Aragonesa 2019 - Encuentros por tableros Global"]
[Site ""]
[Date "2019.03.23"]
[Round "9.20"]
[White "Sacristan Latorre, Carlos"]
[Black "Soriano Gracia, Manuel"]
[Result "0-1"]
[WhiteElo "1697"]
[BlackElo "1977"]
[PlyCount "0"]
[WhiteTeam "Palacio de Pioneros B"]
[BlackTeam "ONCE C.A. Aragon"]
[EventDate "2019.01.26"]


1. b3 d5 2. Bb2 Bf5 3. e3 Nd7 4. Nf3 Ngf6 5. Be2 c6 6. d4 h6 7. Nbd2 e6 8. a3
Bd6 9. c4 O-O 10. O-O Rc8 11. b4 Ne4 12. c5 Bb8 13. h3 Qc7 14. Re1 Nxd2 15.
Qxd2 Nf6 16. Bf1 Ne4 17. Qe2 Ng5 18. g3 Nxh3+ 19. Kh2 Ng5 20. Nxg5 hxg5 21. Bh3
Bg6 22. Qg4 Qe7 23. f4 gxf4 24. gxf4 Bf5 25. Qg3 Bxh3 26. Kxh3 g6 27. Kg2 Kg7
28. Rh1 Rh8 29. Bc3 Qf6 30. Kf2 Qf5 31. Ke2 Qc2+ 32. Bd2 Qc4+ 33. Kf3 Qd3 34.
Rxh8 Rxh8 35. Qg2 Bc7 36. Qe2 Rh3+ 0-1

[Event "División de Honor Aragonesa 2019 - Encuentros por tableros Global"]
[Site ""]
[Date "2019.03.23"]
[Round "9.21"]
[White "Gimeno Oteo, Marco Antonio"]
[Black "Abril Avellanas, Eduardo"]
[Result "1/2-1/2"]
[WhiteElo "2082"]
[BlackElo "2160"]
[PlyCount "0"]
[WhiteTeam "San Jose"]
[BlackTeam "Atletismo Huesca"]
[EventDate "2019.01.26"]

1. e4 e6 2. b3 c5 3. Bb2 b6 4. Nf3 Bb7 5. d3 Nc6 6. g3 d6 7. Bg2 Nf6 8. O-O Be7
9. Nbd2 Qc7 10. a3 O-O 11. Rc1 Nd7 12. h4 Bf6 13. c3 Nde5 14. Qe2 Nxf3+ 15.
Nxf3 d5 16. Rfe1 dxe4 17. dxe4 g6 18. Nh2 Bg7 19. h5 Rad8 20. f4 c4 21. hxg6
hxg6 22. Qxc4 Rd2 23. Re2 Qd7 24. Nf1 Rd3 25. b4 Rc8 26. Qa2 g5 27. Ba1 gxf4
28. gxf4 Bh6 29. Rf2 e5 30. Qe2 Bxf4 31. Rc2 Rd6 32. b5 Nd8 33. Rxf4 exf4 34.
Qh5 Rg6 35. c4 Kf8 36. Qh8+ Ke7 37. Qh4+ Ke8 38. Qh8+ Ke7 39. Rd2 Qg4 40. Nh2
Qg3 41. Bc3 Ne6 42. Qe5 f3 43. Bb4+ Rc5 44. Bxc5+ bxc5 45. Qxg3 Rxg3 46. Nxf3
Bxe4 47. Ne5 Nd4 48. Kh2 Rxg2+ 49. Rxg2 Bxg2 50. Kxg2 Ke6 51. Nd3 Kd6 52. Kf2
Nb3 53. Ke3 Na5 54. Nb2 Ke5 55. Nd3+ Kd6 56. Nb2 1/2-1/2

[Event "División de Honor Aragonesa 2019 - Encuentros por tableros Global"]
[Site ""]
[Date "2019.03.23"]
[Round "9.22"]
[White "Salamero Pelay, Fernando"]
[Black "Gracia Suarez, Jesus"]
[Result "1-0"]
[WhiteElo "2099"]
[BlackElo "2080"]
[PlyCount "0"]
[WhiteTeam "Atletismo Huesca"]
[BlackTeam "San Jose"]
[EventDate "2019.01.26"]

1. e4 c5 2. Nf3 Nc6 3. Nc3 d6 4. d4 cxd4 5. Nxd4 Nf6 6.
Bc4 Qb6 7. Ndb5 a6 8. Be3 Qa5 9. Nd4 e6 10. O-O Be7 11. f4 O-O 12. Kh1 Bd7 13.
Nb3 Qc7 14. Be2 b5 15. Bf3 Rab8 16. g4 b4 17. Ne2 e5 18. f5 d5 19. g5 Nxe4 20.
f6 gxf6 21. Bxe4 dxe4 22. gxf6 Bd8 23. Bh6 Bg4 24. Qd2 1-0

[Event "División de Honor Aragonesa 2019 - Encuentros por tableros Global"]
[Site ""]
[Date "2019.03.23"]
[Round "9.23"]
[White "Ferreruela Romero, Jose Joaquin"]
[Black "Gella Lopez, Angel"]
[Result "1-0"]
[WhiteElo "2033"]
[BlackElo "2100"]
[PlyCount "0"]
[WhiteTeam "San Jose"]
[BlackTeam "Atletismo Huesca"]
[EventDate "2019.01.26"]

1. d4 d5 2. c4 e6 3. Nf3 Nf6 4. g3 Bb4+ 5. Bd2 Be7 6.
Bg2 O-O 7. O-O dxc4 8. Qc2 a6 9. a4 c5 10. dxc5 Bxc5 11. Na3 Nc6 12. Nxc4 Qe7
13. a5 Rd8 14. Rac1 Bb4 15. Nb6 Rb8 16. Bf4 Bd6 17. Bxd6 Rxd6 18. Ne5 Na7 19.
Qc5 Qd8 20. Nec4 Nb5 21. Nxd6 Qxd6 22. Qxc8+ Qf8 23. Qxf8+ Kxf8 24. Rfd1 1-0

[Event "División de Honor Aragonesa 2019 - Encuentros por tableros Global"]
[Site ""]
[Date "2019.03.23"]
[Round "9.24"]
[White "Gella Bitrian, Diego"]
[Black "Palomar Ramon, Santiago"]
[Result "1-0"]
[WhiteElo "2023"]
[BlackElo "1946"]
[PlyCount "0"]
[WhiteTeam "Atletismo Huesca"]
[BlackTeam "San Jose"]
[EventDate "2019.01.26"]

1. e4 e6 2. d4 d5 3. Nd2 Be7 4. e5 c5 5. Qg4 Kf8 6. Ndf3 Nc6 7. a3 cxd4 8. Bd3
f6 9. Bf4 fxe5 10. Bxe5 Nf6 11. Qf4 Nxe5 12. Nxe5 Bd6 13. Ngf3 Ke7 14. Qg5 Qg8
15. O-O-O Bd7 16. Rhe1 Kd8 17. Nxd4 h6 18. Qd2 Ne4 19. Bxe4 Bxe5 20. Bxd5 Bxd4
21. Bxe6 Bxe6 22. Qxd4+ Kc8 23. Qc5+ Kb8 24. Qd6+ Kc8 25. Rxe6 Qf8 26. Re7 1-0

[Event "División de Honor Aragonesa 2019 - Encuentros por tableros Global"]
[Site ""]
[Date "2019.03.23"]
[Round "9.25"]
[White "Cid Royo, Jonathan"]
[Black "Garcia Fernandez, Javier"]
[Result "1-0"]
[WhiteElo "2205"]
[BlackElo "2179"]
[PlyCount "0"]
[WhiteTeam "L'Aurora Estadilla"]
[BlackTeam "Teruel"]
[EventDate "2019.01.26"]

1. e4 e6 2. d4 d5 3. e5 c5 4. c3 Nc6 5. Nf3 Qb6 6. a3 Nge7 7. b4 cxd4 8. cxd4
Nf5 9. Bb2 Bd7 10. g4 Nfe7 11. Bd3 h5 12. g5 Nf5 13. Bxf5 exf5 14. Nc3 Ne7 15.
Na4 Qd8 16. Nc5 Rb8 17. O-O Ng6 18. Re1 Bxc5 19. dxc5 Be6 20. h4 f4 21. Bc1 Qd7
22. Qd4 Bh3 23. Nh2 Nxh4 24. e6 Qc8 25. Qxg7 Rf8 26. exf7+ Kd7 27. Bxf4 Kc6 28.
Qf6+ Kb5 1-0

[Event "División de Honor Aragonesa 2019 - Encuentros por tableros Global"]
[Site ""]
[Date "2019.03.23"]
[Round "9.26"]
[White "Dominguez Bujeda, Jesus"]
[Black "Cid Royo, Oscar"]
[Result "1/2-1/2"]
[WhiteElo "2062"]
[BlackElo "2042"]
[PlyCount "0"]
[WhiteTeam "Teruel"]
[BlackTeam "L'Aurora Estadilla"]
[EventDate "2019.01.26"]

1. d4 d5 2. c4 c6 3. cxd5 cxd5 4. Nc3 Nf6 5. Bf4 e6 6. e3 Bd6 7. Bxd6 Qxd6 8.
Bd3 O-O 9. f4 b6 10. Qe2 Bb7 11. Nf3 Ne4 12. O-O Nxc3 13. bxc3 Nc6 14. Bxh7+
Kxh7 15. Ng5+ Kg6 16. Qg4 f5 17. Qg3 Kf6 18. Qh4 Kg6 1/2-1/2

[Event "División de Honor Aragonesa 2019 - Encuentros por tableros Global"]
[Site ""]
[Date "2019.03.23"]
[Round "9.27"]
[White "Pellicer Cerezuela, Miguel"]
[Black "Martin Catalan, Juan Vicente"]
[Result "1-0"]
[WhiteElo "2005"]
[BlackElo "2028"]
[PlyCount "0"]
[WhiteTeam "L'Aurora Estadilla"]
[BlackTeam "Teruel"]
[EventDate "2019.01.26"]

1. d4 d5 2. Nf3 Nf6 3. e3 e6 4. Bd3 c5 5. b3 Nc6 6. a3 Bd6 7. Bb2 Qc7 8. O-O
O-O 9. c4 cxd4 10. exd4 Re8 11. Nc3 Bf8 12. Re1 Bd7 13. Rc1 Rad8 14. Nb5 Qb8
15. Nc3 a6 16. Na4 dxc4 17. bxc4 b5 18. cxb5 axb5 19. Nc5 Ne7 20. Ne5 Qb6 21.
Ncxd7 Nxd7 22. Bxh7+ Kxh7 23. Qh5+ Kg8 24. Qxf7+ Kh8 25. Re3 Nf5 26. Rh3+ Nh6
27. Rxh6+ 1-0

[Event "División de Honor Aragonesa 2019 - Encuentros por tableros Global"]
[Site ""]
[Date "2019.03.23"]
[Round "9.28"]
[White "Arpa Pardos, Emilio"]
[Black "Fuentes Espuna, Juan Antonio"]
[Result "1/2-1/2"]
[WhiteElo "1900"]
[BlackElo "1948"]
[PlyCount "0"]
[WhiteTeam "Teruel"]
[BlackTeam "L'Aurora Estadilla"]
[EventDate "2019.01.26"]

1. d4 e6 2. c4 d5 3. Nc3 Nf6 4. Bg5 Be7 5. e3 O-O 6. Nf3 c6 7. Bd3 Nbd7 8. O-O
dxc4 9. Bxc4 Nb6 10. Bd3 h6 11. Bh4 Nbd5 12. Rc1 Nxc3 13. Rxc3 Nd5 14. Bxe7
Nxc3 15. Bxd8 Nxd1 16. Be7 Nxb2 17. Bh7+ Kxh7 18. Bxf8 Nc4 19. Ne5 Nxe5 20.
dxe5 b6 21. Rd1 Ba6 22. Be7 c5 23. Rd7 Bc4 24. a3 Kg6 25. g4 Bd5 26. f4 c4 27.
f5+ Kh7 28. Bb4 Kg8 29. Rc7 a5 30. Bd6 b5 31. Kf2 b4 32. axb4 a4 33. Bc5 a3 34.
Bd4 a2 35. Ba1 Ra3 36. e4 Bxe4 37. Rxc4 exf5 38. Rc8+ Kh7 39. Rc7 Bd5 40. e6
Bxe6 41. gxf5 Bd5 42. Rc5 Rf3+ 43. Ke2 Rxf5 44. Ke3 Rf1 45. Bb2 Be6 46. Ra5 Rh1
47. b5 Rxh2 48. Be5 Rh3+ 49. Kd4 Rb3 50. Kc5 f6 51. Bd4 h5 52. Ra6 Bf5 53. Rxa2
Bd3 54. b6 Be4 55. Ra7 Kg6 56. Kc4 Rb1 57. Re7 Bf3 58. Re3 Bb7 59. Re7 Bh1 60.
Bc5 h4 61. Bb4 h3 62. Re3 Bg2 63. Rg3+ Kf7 64. Rxh3 Rc1+ 65. Rc3 Rxc3+ 66. Bxc3
Ke6 67. Kd4 g5 68. Ke3 f5 69. Kf2 Bb7 70. Kg3 Kf7 71. Bd2 Kg6 72. Be3 Kf6 73.
Bd4+ 1/2-1/2

[Event "División de Honor Aragonesa 2019 - Encuentros por tableros Global"]
[Site ""]
[Date "2019.03.23"]
[Round "9.29"]
[White "Llanes Luno, Ricardo"]
[Black "Colas Longares, Rafael P."]
[Result "1-0"]
[WhiteElo "2201"]
[BlackElo "2337"]
[PlyCount "0"]
[WhiteTeam "Delicias"]
[BlackTeam "Enroque"]
[EventDate "2019.01.26"]

1. e4 e5 2. Nf3 Nc6 3. d4 exd4 4. Nxd4 g6 5. Nc3 Bg7 6. Nxc6 bxc6 7. Qf3 d6 8.
Bd3 Nf6 9. O-O O-O 10. Bg5 h6 11. Bd2 Re8 12. Rae1 Rb8 13. b3 Be6 14. h3 Nd7
15. Qg3 Ne5 16. f4 Nxd3 17. cxd3 Qf6 18. Kh1 Kh7 19. e5 Qd8 20. Ne4 Bf5 21. Bc3
dxe5 22. Bxe5 f6 23. Bc3 Kg8 24. Nxf6+ Bxf6 25. Rxe8+ Qxe8 26. Bxf6 Qf8 27. Be5
Qe7 28. Rc1 Rd8 29. Rxc6 Rxd3 30. Rxg6+ 1-0